| 000 | 03022cam a2200817 i 4500 | ||
|---|---|---|---|
| 001 | 18311 | ||
| 003 | KOSZ 005 | ||
| 005 | 20251005063348.0 | ||
| 008 | 250529s1980 pl a g 001 0 pol | ||
| 015 | _aUWD 1980/9457 | ||
| 020 | _a8306003772 | ||
| 035 | _a991013554339705066 | ||
| 035 | _a(PL-WaBN)b13650713-48omnis_nlop | ||
| 035 | _ab13650713 | ||
| 035 | _a(OCoLC)749831882 | ||
| 035 | _azz2006891689 | ||
| 035 | _a(PL)b0000001365071 | ||
| 035 | _a(EXLNZ-48OMNIS_NETWORK)9910213152505606 | ||
| 040 |
_aWA N _cWA N _dKOSZ 005/RW |
||
| 045 |
_bd0960 _bd1976 |
||
| 046 | _k1979 | ||
| 080 | _a94(438) | ||
| 245 | 0 | 0 |
_aZarys historii Polski / _cpod redakcją Janusza Tazbira ; autorzy : Tadeusz Manteuffel [et al. ]; Instytut Historii Polskiej Akademii Nauk. |
| 250 | _aWydanie I, 2 rzut. | ||
| 260 |
_aWarszawa : _bPaństwowy Instytut Wydawniczy, _c1980. |
||
| 300 |
_a860, [3] stron, [2] karty tablic, [14] kart map kolorowych : _bilustracje, mapy, portrety, tabele, wykresy ; _c31 cm. |
||
| 336 |
_aTekst _btxt _2rdacontent |
||
| 337 |
_aBez urządzenia pośredniczącego _bn _2rdamedia |
||
| 338 |
_aWolumin _bnc _2rdacarrier |
||
| 380 | _aKsiążki | ||
| 380 | _aPublikacje naukowe | ||
| 388 | 1 | _a1901-2000 | |
| 388 | 1 | _a1945-1989 | |
| 504 | _aBibliografia na stronach 814-[820]. Indeks. | ||
| 648 | 7 | _a 901-1000 | |
| 648 | 7 | _a1001-1100 | |
| 648 | 7 | _a1101-1200 | |
| 648 | 7 | _a1201-1300 | |
| 648 | 7 | _a1301-1400 | |
| 648 | 7 | _a1401-1500 | |
| 648 | 7 | _a1501-1600 | |
| 648 | 7 | _a1601-1700 | |
| 648 | 7 | _a1701-1800 | |
| 648 | 7 | _a1801-1900 | |
| 648 | 7 | _a1901-2000 | |
| 650 | 7 | _aGospodarka | |
| 650 | 7 | _aKultura | |
| 650 | 7 | _aPolityka | |
| 650 | 7 | _aSpołeczeństwo | |
| 650 | 7 | _aWładcy | |
| 651 | 7 |
_aPolska _2DBN |
|
| 655 | 7 | _aOpracowanie | |
| 658 | _aHistoria | ||
| 700 | 1 |
_aDowiat, Jerzy _d(1920-1982) _eAutor |
|
| 700 | 1 |
_aDrozdowski, Marian Marek _d(1932-2025) _eAutor |
|
| 700 | 1 |
_aDuraczyński, Eugeniusz _d(1931-2020) _eAutor |
|
| 700 | 1 |
_aGroniowski, Krzysztof _d(1932-2012) _eAutor |
|
| 700 | 1 |
_aLeskiewiczowa, Janina _d(1917-2012) _eAutor |
|
| 700 | 1 |
_aManteuffel, Tadeusz _d(1902-1970) _eAutor |
|
| 700 | 1 |
_aRostworowski, Emanuel _d(1923-1989) _eAutor |
|
| 700 | 1 |
_aRyszka, Franciszek _d(1924-1998) _eAutor |
|
| 700 | 1 |
_aTazbir, Janusz _d(1927-2016) _eAutor _eRedakcja |
|
| 700 | 1 |
_aTrawkowski, Stanisław _d(1920-2008) _eAutor |
|
| 700 | 1 |
_aWyczański, Andrzej _d(1924-2008) _eAutor |
|
| 700 | 1 |
_aZajewski, Władysław _d(1930- ) _eAutor |
|
| 710 | 2 | _aInstytut Historii (Polska Akademia Nauk) | |
| 710 | 2 |
_aPaństwowy Instytut Wydawniczy _4pbl |
|
| 856 |
_uhttps://koha.tu.koszalin.pl/cgi-bin/koha/opac-detail.pl?biblionumber=18311 _yKatalog online BPK |
||
| 942 |
_2UKD _cKS |
||
| 999 |
_c18311 _d18311 |
||